000 00391 a2200145 4500
005 20250625162140.0
020 _a9780618202881
082 _a510 AUF
245 _aBasic College Mathematics: An Applied Approach
250 _a7th Ed.
260 _aNew York
_bHoughton Mifflin Company Boston New york
_c2003.
300 _a350p.
_c27cm.
700 _aBARKER,V. & LOCKWOOD,J.
942 _2ddc
_cBKS
999 _c5136
_d5136